000 00600nam a2200229Ia 4500
003 OSt
005 20220928102054.0
006 a|||||r|||| 00| 0
007 ta
008 220927b |||||||| |||| 00| 0 eng d
024 _a10081
037 _cTextual
040 _aSDCL
_cSDCL
_beng
041 _2eng
_aeng
082 _aO157,1M61w, P4
100 _aFurrell James W
_9396406
245 0 _aTagore family
_b A memoir.
260 _aNew Delhi
_bRupa
_c2004
300 _a140p
_ccm.
942 _hO157,1M61w, P4
_cTEXL
_2CC
999 _c712134
_d712134